000 01161nam a2200253 4500
001 109897
003 ES-MaACL
005 20251019063052.0
007 t|
008 061121s1916 sp r ||||1| spa d
100 1 _aObermaier, Hugo,
_d1877-1946
_986395
245 1 3 _aEl hombre fósil /
_cHugo Obermaier ; con la colaboración para la adaptación del manuscrito al castellano por Ismael del Pan, Pablo Wernert.
260 _aMadrid :
_bMuseo Nacional de Ciencias Naturales,
_c1916.
300 _aXIV, 397 p., I-XIX lám. :
_bil. ;
_c27 cm.
490 1 _aComisión de Investigaciones Paleontológicas y prehistóricas ;
_v9
500 _aPrecede al tít.: Junta para Ampliación de Estudios e Investigaciones Científicas. Comisión de Investigaciones Paleontológicas y Prehistóricas.
650 0 7 _aHombre prehistórico
_2embne
_913455
700 1 _aPan, Ismael del.
_988740
700 1 _aWernert, Paul,
_d1889-1972
_9152482
710 2 _aMuseo Nacional de Ciencias Naturales (España)
_95897
830 0 _aComisión de Investigaciones Paleontológicas y Prehistóricas
_v9
_9230771
852 _aES-MaACL
_jD-7080
999 _c109897
_d109897